000 00961cab a2200325 4500
001 ABS51886
008 090401t1994 xxu||||| |||| 00| 0 eng d
035 _a(Sirsi) u48818
041 _aeng
110 _aBuilding Services
_91545
245 4 _aThe health sector: trustworthy workload
260 _c1994
350 _a0
490 _aBuilding Services
_v16(12) December 1994, 20-21(2)
520 _aDiscusses the findings of the "Trust hospitals: research survey 1994" RICS, and highlights the levels of work available to the construction industry.
650 _aBlock management
_96220
650 _aCONSTRUCTION MARKET
650 _aHEALTH SECTOR
650 _aHOSPITALS
650 _aNATIONAL HEALTH SERVICE
650 _aNHS ESTATES
650 _aNHS HOSPITALS
650 _aNHS TRUSTS
650 _aNHS
650 _aABOUT RICS
650 _aTRUST HOSPITALS
690 _aBUILT ENVIRONMENT
942 _n0
948 _c04/03/1997
999 _c30654
_d30654